Beautiful boy : (Record no. 907)

MARC details
000 -LEADER
fixed length control field 01374cam a2200349 a 4500
005 - DATE AND TIME OF LATEST TRANSACTION
control field 20260322212038.0
008 - FIXED-LENGTH DATA ELEMENTS--GENERAL INFORMATION
fixed length control field data
010 ## - LIBRARY OF CONGRESS CONTROL NUMBER
LC control number 2006026981
020 ## - INTERNATIONAL STANDARD BOOK NUMBER
International Standard Book Number 9780618683352
020 ## - INTERNATIONAL STANDARD BOOK NUMBER
International Standard Book Number 0618683356
040 ## - CATALOGING SOURCE
Original cataloging agency DLC
Transcribing agency DLC
Modifying agency DLC
043 ## - GEOGRAPHIC AREA CODE
Geographic area code n-us-ca
050 00 - LIBRARY OF CONGRESS CALL NUMBER
Classification number HV5831.C2
Item number S54 2006
082 00 - DEWEY DECIMAL CLASSIFICATION NUMBER
Classification number B
-- B
Edition information 22
092 ## - LOCALLY ASSIGNED DEWEY CALL NUMBER (OCLC)
Classification number 362.29 S54 2006
001 - CONTROL NUMBER
control field data
100 1# - MAIN ENTRY--PERSONAL NAME
Personal name Sheff, David.
245 10 - TITLE STATEMENT
Title Beautiful boy :
Remainder of title a father's journey through his son's meth addiction /
Statement of responsibility, etc. David Sheff.
260 ## - PUBLICATION, DISTRIBUTION, ETC.
Place of publication, distribution, etc. Boston :
Name of publisher, distributor, etc. Houghton Mifflin,
Date of publication, distribution, etc. 2006.
300 ## - PHYSICAL DESCRIPTION
Extent 326 p. ;
Dimensions 22 cm.
504 ## - BIBLIOGRAPHY, ETC. NOTE
Bibliography, etc. note Includes bibliographical references (p. 321-324).
505 1# - FORMATTED CONTENTS NOTE
Formatted contents note Stay up late -- His drug of choice -- Whatever -- If only -- Never any knowing -- Epilogue.
600 10 - SUBJECT ADDED ENTRY--PERSONAL NAME
Personal name Sheff, David.
600 10 - SUBJECT ADDED ENTRY--PERSONAL NAME
Personal name Sheff, Nic.
650 #0 - SUBJECT ADDED ENTRY--TOPICAL TERM
Topical term or geographic name entry element Drug abuse
General subdivision Treatment
Geographic subdivision California.
650 #0 - SUBJECT ADDED ENTRY--TOPICAL TERM
Topical term or geographic name entry element Methamphetamine abuse
General subdivision Treatment
Geographic subdivision California.
650 #0 - SUBJECT ADDED ENTRY--TOPICAL TERM
Topical term or geographic name entry element Children of divorced parents
Geographic subdivision California.
856 41 - ELECTRONIC LOCATION AND ACCESS
Materials specified Table of contents only
Uniform Resource Identifier <a href="http://www.loc.gov/catdir/toc/ecip0619/2006026981.html">http://www.loc.gov/catdir/toc/ecip0619/2006026981.html</a>
856 42 - ELECTRONIC LOCATION AND ACCESS
Materials specified Publisher description
Uniform Resource Identifier <a href="http://www.loc.gov/catdir/enhancements/fy0702/2006026981-d.html">http://www.loc.gov/catdir/enhancements/fy0702/2006026981-d.html</a>
856 41 - ELECTRONIC LOCATION AND ACCESS
Materials specified Sample text
Uniform Resource Identifier <a href="http://www.loc.gov/catdir/enhancements/fy0728/2006026981-s.html">http://www.loc.gov/catdir/enhancements/fy0728/2006026981-s.html</a>
856 42 - ELECTRONIC LOCATION AND ACCESS
Materials specified Contributor biographical information
Uniform Resource Identifier <a href="http://www.loc.gov/catdir/enhancements/fy0736/2006026981-b.html">http://www.loc.gov/catdir/enhancements/fy0736/2006026981-b.html</a>
Holdings
Withdrawn status Lost status Damaged status Not for loan Home library Current library Shelving location Date acquired Total checkouts Full call number Barcode Date last seen Price effective from Koha item type
        Centerville Centerville General stacks 22/03/2026   362.29/9 B 22 BC0010935 22/03/2026 22/03/2026 Books